000 00469nam a2200181 a 4500
005 20150106142629.0
008 140130b2008 ck ||||| |||| 00| 0 spa d
040 _aCO-BoIAVH
_cCO-BoIAVH
041 _aspa
044 _ack
090 _aIAVH
_b01270
100 _aRomero Alarcón, Rodolfo
_96048
245 _aMaqueta topográfica Páramo de Chiles
260 _aBogotá
_bIAVH
_c2008
300 _a21 p.
662 _cPáramo de Chiles
_bNariño
942 _cINFORME
_2z
999 _c6753
_d6753